000 00693nas a2200229 4500
001 BR8403023
003 BR-BrBNA
005 20231205085935.0
007 ta
008 230509b bl.|||p| |||| 00| 00por d
040 _aBR-BrBNA
_bpor
_cBiblioteca Nacional de Agricultura
041 _a(Pt)
072 _aP05
100 1 _aTavares, N. de A.
245 1 _aUso de gases de petroleo como combustivel automativo [Brasil]
650 _aGAS
650 _aCOMBUSTIVEL
650 _aPETROLEO
773 0 _tAtualidades do Conselho Nacional do Petroleo (Brazil)
_xISSN 0100-1471
_g(Jul-Aug 1984), v. 15(89) p. 2-5
_wBR8403023
909 _a202311
_bLúcia
_c55
_dLúcia Elande
942 _2AGRIS
_n0
_cANA
999 _c114963
_d114963